[Event "FRA-chT U20"]
[Site "Pau"]
[Date "2005.12.19"]
[Round "5"]
[White "Baudry, Remi"]
[Black "Triboulin, Amaury"]
[Result "0-1"]
[WhiteElo "1330"]
[BlackElo "1250"]
[PlyCount "80"]
[EventDate "2005.12.??"]
[EventType "team"]
[EventRounds "11"]
[EventCountry "FRA"]
[SourceTitle "EXT 2007"]
[Source "ChessBase"]
[SourceDate "2006.11.23"]
[SourceVersion "1"]
[SourceVersionDate "2006.11.23"]
[SourceQuality "1"]
[WhiteTeam "Hyeres"]
[BlackTeam "Bois Colombes"]
[WhiteTeamCountry "FRA"]
[BlackTeamCountry "FRA"]

1. d4 d5 2. c4 dxc4 3. e3 Nc6 4. Bxc4 Nf6 5. Nc3 Bf5 6. Nf3 Nb4 7. Qa4+ Nc6 8. 0-0 a6 9. Qb3 e6 10. Qxb7 Na5 11. Bb5+ Nd7 12. Bxd7+ Kxd7 13. Ne5+ Ke8 14. Nc6 Nxb7 15. Nxd8 Rxd8 16. e4 Bg6 17. d5 e5 18. f4 Bc5+ 19. Kh1 exf4 20. Bxf4 Rc8 21. e5 Ke7 22. Bg5+ Ke8 23. e6 f6 24. Bh4 Ke7 25. a3 Rhe8 26. b4 Bd4 27. Rac1 Be3 28. Rcd1 Kf8 29. Rfe1 Ba7 30. Bg3 Kg8 31. b5 a5 32. d6 cxd6 33. Bxd6 Nxd6 34. Rxd6 Rxc3 35. b6 Bb8 36. Rd7 Bf5 37. Rd5 Bxe6 38. Rxa5 Bf7 39. Rxe8+ Bxe8 40. h3 Rc1# 0-1